00988 2200349 4500001002100000005001700021008004100038020001800079035002400097082001000121090002000131100001300151245014700164250001000311260002600321300002400347440003500371500003300406650001800439700001200457700001800469700001800487700001600505710001600521710002500537850001700562980001100579985000600590986001200596999001500608999001500623YOGYA-0209000003920420090227025440.0 ind  a979-8063-84-8 0010-020900000039204 a741.5 a741.5bVra AlK aVRANCHEN aAgen pajakcVranchen, Desberg ; penterjemah, Lia Hanggono & Pudji Hastuti ; penulis teks, Team Indira & Kresna Prima Persada; editor Sucahyana aCet.1 aJakartabIndirac2004 a48 hlmbilusc29 cm aIRS (Internal Revenue Service) aJudul asli : La Voie fiseale aKomik, Bacaan aDesberg aHanggono, Lia aHastuti, Puji a6asucahyana aTeam Indira aKresna Prima Persada aYOPDYOG(JSC) a230206 a2 artrevmy a05B0007441 a05B0007442